000 00533nam a22001697a 4500
003 NUST - PNEC
005 20170116180804.0
008 150421b xxu||||| |||| 00| 0 eng d
040 _cLIBRARY
082 _a310.0212 GOV
100 _92808
_aGovernment of Pakistan
245 _aPakistan 2004: Statistical Pocket Book
_cStatistics Division Government of Pakistan
260 _bStatistics Division Government of Pakistan
300 _a212 p. :
_c18 cm.
650 _92811
_aStatistics Survey of Pakistan
_xGeneral
942 _2ddc
_cBK
999 _c63107
_d63107